000 01104nam a22002657a 4500
005 20240530110350.0
008 141220s2008 ua g b 000 0 ara d
017 _a24396/2007
_bمصر . دار الكتب المصرية
020 _a9772087154
040 _aEG-CaGPL
041 0 _aara
_heng
082 0 4 _221
_a320.5\
_bد ت
100 1 _aديلو ، ستيفن م
245 1 2 _aالتفكير السياسى و النظرية السياسية و المجتمع المدنى /
_cتاليف ستيفين م ديلو ؛ ترجمة فريال حسن خليفة
_nالجزء الثالث ،
_pنقد المجتمع المدنى
250 _aط 1
260 _aالقاهرة :
_bمكتبة مدبولى ،
_c2008
300 _a171 ص ؛
_c24 سم
650 0 4 _aالمجتمع المدنى
650 0 4 _aالاغتراب
650 0 4 _aالنقد الماركسى للمجتمع المدنى
650 0 4 _aنقد فريدريك نيتشة للمجتمع المدنى
700 0 _aفريال حسن خليفة
_eمترجم
942 _2ddc
_cBK
999 _c60052
_d60052